| 000 | 00742nac a22002051u 4500 | ||
|---|---|---|---|
| 020 | _a8178083175 | ||
| 082 | 0 | 0 |
_a621.38275 _bM997 |
| 090 |
_c1397 _d1397 |
||
| 100 | _aMynbaev, Djafar K. | ||
| 245 | 1 | 0 |
_aFiber-optic communications technology / _cDjafar K. Mynbaev, Lowell L. Scheiner. |
| 250 | _a1st ed. | ||
| 260 |
_aUpper Saddle River, N.J. : _bPearson Education, _c2002. |
||
| 300 |
_axviii, 750 p. : _bill., maps ; _c26 cm. |
||
| 500 | _aIncludes index. | ||
| 650 | 0 | _aOptical communications. | |
| 650 | 0 | _aFiber optics | |
| 700 | 1 | _aScheiner, Lowell L. | |
| 942 |
_cBB _k621.38275M997 |
||
| 999 |
_c1397 _d1397 |
||